书目信息 |
| 题名: |
室内自然光摄影
|
|
| 作者: | 吴颂廉 著 | |
| 分册: | ||
| 出版信息: | 上海 上海人民美术出版社 1979 |
|
| 页数: | 52页 | |
| 开本: | 19cm | |
| 丛书名: | 实用摄影知识丛书 | |
| 单 册: | ||
| 中图分类: | J412 , J41 | |
| 科图分类: | ||
| 主题词: | 室内摄影-自然光照明-摄影技术 , 摄影技术-自然光照明-室内摄影 , 自然光照明-室内摄影-摄影技术 , 摄影技术--普及读物 , 摄影艺术--各种 | |
| 电子资源: | ||
| ISBN: | ||
| 000 | 01019nam0 2200325 450 | |
| 001 | 0738731828 | |
| 005 | 20070922104603.67 | |
| 010 | @d¥0.28 | |
| 091 | @a8081.11582 | |
| 100 | @a19950724d1979 em y0chiy0110 ea | |
| 101 | 0 | @achi |
| 102 | @aCN @b310000 | |
| 105 | @af | |
| 106 | @ar | |
| 200 | 1 | @a室内自然光摄影 @Ashi nei zi ran guang she ying @b专著 @f吴颂廉著 |
| 205 | @a2版 | |
| 210 | @a上海 @c上海人民美术出版社 @d1979 | |
| 215 | @a52页 @d19cm | |
| 225 | 2 | @a实用摄影知识丛书 |
| 410 | 0 | @12001 @a实用摄影知识丛书 |
| 606 | 0 | @a室内摄影-自然光照明-摄影技术 |
| 606 | 0 | @a摄影技术-自然光照明-室内摄影 |
| 606 | 0 | @a自然光照明-室内摄影-摄影技术 |
| 606 | 0 | @a摄影技术@x普及读物 |
| 606 | 0 | @a摄影艺术@x各种 |
| 690 | @aJ412 @v3 | |
| 690 | @aJ41@v3 | |
| 701 | 0 | @a吴颂廉 @f(1924~) @Awu song lian @4著 |
| 801 | 0 | @aCN @bNLC @b00 @c20070922@lNLC01 @h0635 @lNLC01 @h2043 @lNLC01 @h2344 @b01 @c20060706 @lNLC01 @h0829 @b01 @c20060706 @lNLC01 @h0829 |
| 905 | @a10447@dJ41@e228 | |
| 室内自然光摄影 [专著 ]/吴颂廉著 .-2版 .-上海 :上海人民美术出版社 ,1979 |
| 52页 ;19cm .-(实用摄影知识丛书 ) |
| ISBN :¥0.28 |
| ● |
| 相关链接 |
|
|
|
|
正题名:室内自然光摄影
索取号:J41/228
 
预约/预借
| 序号 | 登录号 | 条形码 | 馆藏地/架位号 | 状态 | 备注 |
| 1 | 0609528 | 206095287 | 第一样本阅览室/ [索取号:J41/228] | 在馆 |